1149 1053 1650 1258 1769 1350 1287 1596 1113 1626 1423 1995 1484 1493 1340 1646 1584 1436 1148 1363 1176 1841 1560 1221 1287 1211 1971 1387 1549 1396 1436 1378 1741 1252 1509 1806 1329 1148 1083 1563 1216 1079 1981 1642 1346 1419 1080 1802 1612 1710 1669 1807 1163 1887 1324 1616 1223 1728 1161 1734 1408 1290 1951 1308 1145 1684 1535 1812 1445 1945 1148 1310 1255 1576 1407 1926 1463 1302 1307 1976 1630 1266 1149 1863 1778 1363 1367 1297 1711 1040 1183 1933 1181 1058 1846 1941 1693 1640 1285 BCNSPRNW ULIB Ver.6.0+V

เปลี่ยนเป็นภาษาไทย

Change to English
 แสดงรายละเอียดบรรณานุกรม
  กลับหน้าหลัก

Brief Record : Get Marc (ISO 2709) : E-mail record : QR code < ปิดหน้าต่าง
LEADER : 00000nam 2200000uu 4500
001    13399124807
003     ULIB
008    160325s2014||||th 000 0 eng d
020    ^a9780470657768
060  4 ^aWY86^bM155f
100 1  ^aMcKenna, Hugh P.
245 10 ^aFundamentals of nursing models, theories and practice /^cHugh P. McKenna, Majda Pajnkihar, Fiona A. Murphy.
246 30 ^aNursing models, theories and practice.
250    ^a2nd ed
260    ^aChichester, West Sussex :^bWiley Blackwell,^cc2014.
300    ^axi, 225 p. ;^c24 cm.
500    ^aRevision of: McKenna, Hugh P., 1954-. Nursing models, theories and practice. Oxford : Blackwell Publishing, 2008.
504    ^aIncludes bibliographical references and index
650  2 ^aModels, Nursing.
650  2 ^aNursing Theory.
650  2 ^aNursing Process.
700 1  ^aPankhihar, Majda,^ejt auth.
700 1  ^aMurphy, Fiona,^ejt auth.
945    ^p38^l0^i000357
999    ^aเกษร โพธิ์สุวรรณ
รายการนี้ยังไม่มีแท็ก
คุณยังไม่ได้ล็อกอิน คุณสามารถมีกิจกรรมร่วมกับเว็บไซต์ได้ แต่ต้องล็อกอินก่อน ::
  ล็อกอิน

รายการสื่อสารสนเทศ

ลำดับที่ ประเภท เลขเรียก/บาร์โค้ด สถานที่ สถานะ
1. Book การพยาบาล
Book การพยาบาล
WY86 M155f ฉ.1 
  Barcode: 000357
ห้องสมุดวิทยาเขตสวรรค์ประชารักษ์
►หนังสือทั่วไป
บนชั้น

รายการใกล้เคียง
    หัวเรื่อง [Nursing Process.]

BibComment


ยังไม่เคยถูกคอมเมนท์

คอมเมนท์ทรัพยากรรายการนี้
  คอมเมนท์: Fundamentals of ..


 Copyright 2026. Bcnsprnw @Library